[Event "Gatineau Hull CC 28 Ann-B"]
[Site "Gatineau"]
[Date "2007.10.02"]
[Round "4"]
[White "Ralchenko, Maxim"]
[Black "Thibault, Mario"]
[Result "0-1"]
[WhiteElo "1582"]
[BlackElo "1678"]
[PlyCount "50"]
[EventDate "2007.09.11"]
[EventType "swiss"]
[EventRounds "5"]
[EventCountry "CAN"]
[SourceTitle "EXT 2022"]
[Source "ChessBase"]
[SourceDate "2021.10.06"]
[SourceVersion "1"]
[SourceVersionDate "2021.10.06"]
[SourceQuality "1"]

1. b4 Nf6 2. Bb2 e6 3. a3 d5 4. e3 c5 5. bxc5 Bxc5 6. Nf3 Nbd7 7. c4 0-0 8. Qc2 b6 9. cxd5 exd5 10. Bd3 Bb7 11. Ng5 Ne4 12. Nxe4 dxe4 13. Bxe4 Bxe4 14. Qxe4 Re8 15. Qd3 Re6 16. Qe2 Rc8 17. Nc3 Ne5 18. Nd1 Nd3+ 19. Kf1 Rd6 20. Bc3 Qd7 21. f3 Re8 22. Nf2 Nxf2 23. Kxf2 Rd3 24. Rhc1 f5 25. Bd4 Rxd4 0-1

[Event "Hull CC-ch C"]
[Site "Gatineau"]
[Date "2007.03.20"]
[Round "2"]
[White "Charette, Jean Sebastien"]
[Black "Ralchenko, Maxim"]
[Result "0-1"]
[WhiteElo "1477"]
[BlackElo "1579"]
[PlyCount "71"]
[EventDate "2007.03.13"]
[EventType "swiss"]
[EventRounds "5"]
[EventCountry "CAN"]
[SourceTitle "EXT 2022"]
[Source "ChessBase"]
[SourceDate "2021.10.06"]
[SourceVersion "1"]
[SourceVersionDate "2021.10.06"]
[SourceQuality "1"]

1. e4 c5 2. c3 Nc6 3. d4 cxd4 4. cxd4 d6 5. d5 Ne5 6. Nc3 g6 7. f4 Nd7 8. Nf3 Bg7 9. Bb5 a6 10. Qa4 Qc7 11. Bd2 Qb8 12. Bd3 b5 13. Qc2 Nc5 14. Be2 Bg4 15. 0-0 Nf6 16. b4 Nb7 17. Rac1 Qa7+ 18. Kh1 Rc8 19. Qd3 Rc4 20. a3 0-0 21. Be3 Qb8 22. Nd2 Rcc8 23. Bd4 Bxe2 24. Nxe2 Rxc1 25. Rxc1 Nd8 26. Qc3 Re8 27. Qc7 Qxc7 28. Rxc7 e6 29. dxe6 Nxe6 30. Ra7 Nxd4 31. Nxd4 Nxe4 32. N2f3 Nd2 33. h3 Nxf3 34. Nxf3 Bh6 35. Ng5 f6 36. Nxh7 0-1